000 00530nam a2200193Ia 4500
999 _c30223
_d30223
003 OSt
005 20210104113110.0
008 190216s9999||||xx |||||||||||||| ||und||
020 _a9789386120250
040 _coclc
082 _a954
_bAJE/N
100 _aAjeesh, T
_98101
245 0 _aNaxal Charitham :
_bAdiyantharavasthakku Munpu /
_cT Ajeesh
250 _a1st Ed.
260 _bGreen Books,
_c2016.
_aThrissur:
300 _a200p
650 _aMalayalam
942 _cBK
_2ddc
_h954
_iAJE/N
_k954
_mAJE/N